• 首页
  • 本馆介绍
  • 公告通知
  • 最新文献
  • 馆藏检索
  • 电子资源
  • 读者导购
  • 参考咨询
  • 我的图书馆
  • 登录
  • 详细信息显示
  • 放入我的书架
  • 预约/预借图书
  • 作者相关作品
  • 分类相关作品
  • 丛书相关作品
  • 出版社相关作品

书目信息

  • 表格格式
  • 工作单格式
  • 卡片格式
题名:
心情经济学
    
 
作者: 徐秀丽 著
分册:  
出版信息: 北京   新华出版社  2009.11
页数: 274页
开本: 24cm
丛书名:
单 册:
中图分类: F069.9
科图分类:
主题词: 经济心理学
电子资源:
ISBN: 978-7-5011-9016-4
000 00827nam0 2200241 450
001 010010013304
005 20130504153150.01
010    @a978-7-5011-9016-4@dCNY36.00
100    @a20091224d2009 em y0chiy0110 ea
101 0  @achi
102    @aCN@b110000
105    @ay z 000yy
106    @ar
200 1  @a心情经济学@9xin qing jing ji xue@dSocial mood and economy@f徐秀丽著@zeng
210    @a北京@c新华出版社@d2009.11
215    @a274页@d24cm
330    @a本书主要内容包括:心情好比黄金更重要——信心主导世界经济趋势;快乐传递财富,悲观传递贫穷;只有自信的市场,没有悲哀的繁荣;像经济学一样思考,像心理学家一样行动等。
510 1  @aSocial mood and economy@zeng
606 0  @a经济心理学
690    @aF069.9@v4
701  0 @a徐秀丽@9xu xiu li@4著
801  0 @aCN@bRENTIAN@c20091224
905    @b543236-40@dF069.9@e104@f5
    
    心情经济学=Social mood and economy/徐秀丽著.-北京:新华出版社,2009.11
    274页;24cm
    
    
    ISBN 978-7-5011-9016-4:CNY36.00
    本书主要内容包括:心情好比黄金更重要——信心主导世界经济趋势;快乐传递财富,悲观传递贫穷;只有自信的市场,没有悲哀的繁荣;像经济学一样思考,像心理学家一样行动等。
●
相关链接 在E读中查询图书 在五车中查询图书 在当当中查询图书 在豆瓣中查询图书


正题名:心情经济学     索取号:F069.9/104         预约/预借

序号 登录号 条形码 馆藏地/架位号 状态 备注
1 543236   205432361   第一样本阅览室/ [索取号:F069.9/104] 在馆    
2 543237   205432370   第一借阅区/ [索取号:F069.9/104] 在馆    
3 543238   205432389   第一借阅区/ [索取号:F069.9/104] 在馆    
4 543239   205432398   第一借阅区/ [索取号:F069.9/104] 在馆    
5 543240   205432405   第一借阅区/ [索取号:F069.9/104] 在馆    
唐山师范学院图书馆 欢迎您!
大连网信软件有限公司© 版权所有